| 000 | 02166cam a2200373 a 4500 | ||
|---|---|---|---|
| 999 |
_c5692 _d5692 |
||
| 001 | 57422557 | ||
| 003 | OCoLC | ||
| 005 | 20190109100639.0 | ||
| 008 | 050107s2005 tnu b 000 0 eng | ||
| 010 | _a2005000103 | ||
| 020 |
_a0785260943 _c(hardcover) |
||
| 020 |
_a9780785260943 _c(hardcover) |
||
| 020 |
_a0785279547 _c(international) |
||
| 020 |
_a9780785279549 _c(international) |
||
| 035 | _a(OCoLC)57422557 | ||
| 040 |
_aDLC _cDLC _dIG# _dBAKER _dVP@ _dUKM _dBTCTA _dOCL _dYDXCP _dOHH |
||
| 050 | 0 | 0 |
_aBV4597.52 _b.M393 2005 |
| 082 |
_a158.2 _bM465W |
||
| 100 | 1 |
_aMaxwell, John C., _d1947- |
|
| 245 | 1 | 0 |
_a25 ways to win with people : _bhow to make others feel like a million bucks / _cJohn C. Maxwell and Les Parrott |
| 246 | 3 | _aTwenty-five ways to win with people | |
| 260 |
_aNashville : _bT. Nelson Publishers, _cc2005 |
||
| 300 |
_axiv, 183 p. ; _c20 cm |
||
| 504 | _aIncludes bibliographical references (p. 179-181) | ||
| 505 | 0 | _aStart with yourself -- Practice the 30-second rule -- Let people know you need them -- Create a memory and visit it often -- Compliment people in front of other people -- Give others a reputation to uphold -- Say the right words at the right time -- Encourage the dreams of others -- Pass the credit on to others -- Offer your very best -- Share a secret with someone -- Mine the gold of good intentions -- Keep your eyes off the mirror -- Do for others what they can't do for themselves -- Listen with your heart -- Find the keys to their hearts -- Be the first to help -- Add value to people -- Remember a person's story -- Tell a good story -- Give with no strings attached -- Learn your mailman's name -- Point out people's strengths -- Write notes of encouragement -- Help people win | |
| 650 | 0 |
_aInterpersonal relations _xReligious aspects _xChristianity |
|
| 650 | 0 |
_aInterpersonal communication _xReligious aspects _xChristianity |
|
| 650 | 0 | _aInterpersonal relations | |
| 650 | 0 | _aInterpersonal communication | |
| 700 | 1 | _aParrott, Les | |
| 856 | 4 | 1 | _uhttp://www.loc.gov/catdir/toc/ecip056/2005000103.html |
| 856 | 4 | 2 | _uhttp://www.loc.gov/catdir/enhancements/fy0621/2005000103-d.html |
| 942 |
_2ddc _cBK |
||